|
|
|
|
| LEADER |
00000nam0a2200000 4500 |
| 001 |
279502 |
| 005 |
20231101235221.0 |
| 020 |
|
|
|a RU
|b 86-25730
|
| 035 |
|
|
|a (RuTPU)RU\TPU\book\302781
|
| 090 |
|
|
|a 279502
|
| 100 |
|
|
|a 20141219d1986 k y0rusy5003 ca
|
| 101 |
0 |
|
|a rus
|
| 102 |
|
|
|a RU
|
| 105 |
|
|
|a y z 000zy
|
| 200 |
1 |
|
|a Человек - наука - природа. Диалектико-материалистические основы научного миропонимания
|f Ленинградский государственный университет (ЛГУ) ; В. Г. Иванова
|
| 210 |
|
|
|a Ленинград
|c Изд-во ЛГУ
|d 1986
|
| 215 |
|
|
|a 137 с.
|
| 300 |
|
|
|a Авт. указаны на 6-й с.
|
| 606 |
1 |
|
|a Личность
|x Формирование
|x Социальная философия
|2 stltpush
|3 (RuTPU)RU\TPU\subj\40533
|9 60379
|
| 606 |
1 |
|
|a Человек и природа
|x Философия
|2 stltpush
|3 (RuTPU)RU\TPU\subj\18597
|9 43994
|
| 610 |
1 |
|
|a научное мировоззрение
|
| 610 |
1 |
|
|a картина мира
|
| 610 |
1 |
|
|a наука
|
| 610 |
1 |
|
|a природа
|
| 610 |
1 |
|
|a человек
|
| 610 |
1 |
|
|a диалектико-материалистические принципы
|
| 686 |
|
|
|a Ю612.3
|v LBC/SL-A
|2 rubbk
|
| 686 |
|
|
|a Ю612.2
|v LBC/SL-A
|2 rubbk
|
| 702 |
|
1 |
|a Иванов
|b В. Г.
|g Владимир Георгиевич
|4 070
|
| 712 |
0 |
2 |
|a Ленинградский государственный университет (ЛГУ)
|c (1924-1991)
|2 stltpush
|3 (RuTPU)RU\TPU\col\77
|
| 801 |
|
0 |
|a RU
|b RuMRKP
|c 19950704
|g psbo
|
| 801 |
|
1 |
|a RU
|b 63413507
|c 20141219
|
| 801 |
|
2 |
|a RU
|b 63413507
|c 20180201
|g RCR
|
| 942 |
|
|
|c BK
|